000 00559nam a2200169 4500
001 148397
003 ES-MaACL
005 20230906202616.0
007 t|
008 070214s1954 xxu r ||||1| eng d
100 1 _aStegner, Wallace.
_9108009
245 1 0 _aBeyond the hundredth meridian
_b: John Wesley Powell /
_cWallace Stegner ; with an introduction by Bernard Devoto.
260 _aBoston :
_bHoughton Mifflin Comp.,
_c1954.
300 _aXXIV, 438 p., 9 lám. ;
_c22 cm.
700 1 _aDevoto, Bernard.
_944028
852 _aES-MaACL
_jC-25546
_bR.53756
999 _c148397
_d148397